000 00341nam a2200121Ia 4500
008 250110s9999 xx 000 0 und d
041 _aeng
100 _aAtre Jui H
_9182881
245 _aSchool As An Ecosystem For Inclusive Learning
260 _bBNCA B-Arch ID, Pune
_c2016
300 _a82p
700 _aGuide Name:Murugkar Kavita
_9210558
999 _c363750
_d363750